Personnages secondaires de films et séries - Statistiques

Statistiques générales
  • Ce quiz a été pris 8 fois
  • Le résultat moyen est 15 sur 68
Statistiques - réponses
Films / Series Personnages Secondaires % Correct
Harry Potter Cedric Diggory
63%
Harry Potter Dean Thomas
50%
Harry Potter Padma Patil
50%
Harry Potter Lavande Brown
50%
Harry Potter Luna Lovegood
50%
Harry Potter Neville Londubat
50%
Harry Potter Seamus Finnigan
50%
Friends Gunther
38%
Friends Janice
38%
Harry Potter Nymphadora Tonks | Tonks
38%
Harry Potter Parvati Patil
38%
The Walking Dead Aaron
25%
Grey's Anatomy April Kepner | April
25%
Harry Potter Argus Rusard | Rusard
25%
Game of Thrones Brienne de Torth | Brienne
25%
Harry Potter Cho Chang
25%
Hunger Games Effie Trinket | Effie
25%
Prison Break Fernando Sucre | Sucre
25%
Harry Potter Filius Flitwick
25%
The Walking Dead Glenn Rhee | Glenn
25%
Harry Potter Horace Slughorn | Slughorn
25%
Grey's Anatomy Jackson Avery | Jackson
25%
The Walking Dead Maggie Greene | Maggie
25%
Grey's Anatomy Miranda Bailey | Miranda
25%
Game of Thrones Missandei
25%
Marvel Pepper Potts | Virginia
25%
Game of Thrones Podrick Payne
25%
Harry Potter Pomona Chourave | Chourave
25%
Hunger Games Primrose Everdeen
25%
The Walking Dead Rosita Espinosa | Rosita
25%
Game of Thrones Sandor Clegane | Le limier
25%
The Walking Dead Tara Chambler | Tara
25%
Game of Thrones Varys
25%
The Walking Dead Abraham Ford | Abraham
13%
Grey's Anatomy Alex Karev | Alex
13%
The Big Bang Theory Bernadette Rostenkowski
13%
The Walking Dead Beth Greene | Beth
13%
Marvel Bucky Barnes | Winter soldier
13%
Friends Carol Willick
13%
Game of Thrones Davos Seaworth | Davos
13%
The Big Bang Theory Emily Sweeney
13%
The Walking Dead Eugene Porter | Eugene
13%
Marvel Falcon | Sam Wilson
13%
Hunger Games Finnick Odair
13%
The Walking Dead Gabriel Stokes | Gabriel
13%
Breaking Bad Gus Fring | Gus
13%
Breaking Bad Hank Schrader
13%
Marvel Happy Hogan | Harold Joseph
13%
Hunger Games Haymitch Abernathy | Haymitch
13%
Game of Thrones Jorah Mormont
13%
Harry Potter Kingsley Shacklebolt | Kingsley
13%
The Big Bang Theory Leslie Winkle
13%
Breaking Bad Marie Schrader
13%
Breaking Bad Mike Ehrmantraut | Mike
13%
Friends Mike Hannigan
13%
Marvel Nick Fury
13%
Prison Break Paul Kellerman
13%
Grey's Anatomy Richard Webber
13%
Game of Thrones Samwell Tarly | Sam
13%
Prison Break Sara Tancredi
13%
The Walking Dead Sasha Williams | Sasha
13%
Breaking Bad Saul Goodman | Saul
13%
The Big Bang Theory Stuart Bloom
13%
Prison Break Theodore Bagwell
13%
Game of Thrones Ver Gris | Grey Worm
13%
Marvel War machine | James Rhodes
13%
Game of Thrones Ygritte
13%
The Big Bang Theory Zack Johnson
13%
Aucun quiz correspondant
Distribution des résultats
% des personnes avec chaque résultat
Percentile par nombre de réponses
Votre historique - résultats
Vous n’avez pas pris ce quiz